Chemistry of the environment / (Record no. 10236)

MARC details
000 -LEADER
fixed length control field 00714nam a22002172 4500
001 - CONTROL NUMBER
control field 0000024355
005 - DATE AND TIME OF LATEST TRANSACTION
control field 20151217152300.0
008 - FIXED-LENGTH DATA ELEMENTS--GENERAL INFORMATION
fixed length control field 130909s xx 000 0 eng d
020 ## - INTERNATIONAL STANDARD BOOK NUMBER
International Standard Book Number 1891389702 :
040 ## - CATALOGING SOURCE
Original cataloging agency KABU
Transcribing agency KABU
100 1# - MAIN ENTRY--PERSONAL NAME
Personal name Spiro, Thomas G.
-- 0000184369
245 10 - TITLE STATEMENT
Title Chemistry of the environment /
Statement of responsibility, etc. Thomas G. Spiro, Kathleen L. Purvis-Roberts, William M. Stigliani.
250 ## - EDITION STATEMENT
Edition statement 3rd ed.
260 ## - PUBLICATION, DISTRIBUTION, ETC. (IMPRINT)
Place of publication, distribution, etc. New York :
Name of publisher, distributor, etc. University Science Books,
Date of publication, distribution, etc. 2012.
300 ## - PHYSICAL DESCRIPTION
Extent xxii, 615 p.
650 #0 - SUBJECT ADDED ENTRY--TOPICAL TERM
Topical term or geographic name as entry element Environmental chemistry.
-- 0000154237
700 1# - ADDED ENTRY--PERSONAL NAME
Personal name Purvis-Roberts, Kathleen L.
-- 0000184370
852 1# - LOCATION
-- p17588 KES
908 ## - PUT COMMAND PARAMETER (RLIN)
Put command parameter 130909
950 ## - LOCAL HOLDINGS (RLIN)
-- 1
Holdings
Withdrawn status Lost status Source of classification or shelving scheme Not for loan Home library Current library Date acquired Total Checkouts Full call number Barcode Date last seen Price effective from Koha item type
    Library of Congress Classification   Kabarak, Main Campus Kabarak, Main Campus 17/12/2015   TD193 .S65 2012 c. 1 016102 17/12/2015 17/12/2015 General Collection
Designed with assistance from East African Informatics Ltd